Movies by year - Hard - Statistics

General Stats
  • This quiz has been taken 25 times
  • The average score is 14 of 26
Answer Stats
Description Year Theme Answer % Correct
Green Fuzzy Man robs a whole town in one night 2000 XMAS How The Grinch Stole Christmas
90%
BANANAAAAA!!!!!!! 2015 Animation Minions
90%
A dream... In a dream... In a dream... In a dream 2010 Action Inception
80%
That's a lot of balloons... 2009 Animation UP
80%
An elephant hears voices 2008 Animation Horton Hears a who!
75%
A film about 3.14159..... 2012 Adventure/Drama Life of Pi
75%
This movie by Nolan is great : taerg si naloN yb eivom sihT 2020 Action/SciFi TENET
75%
This film is aMAZEing 2014 Action The Maze Runner
75%
Set in a desert with a giant worm 2021 Action/Fantasy Dune: Part one
70%
A film where you have to keep swimming 2003 Animation Finding Nemo
70%
Older guy flys a plane (again) 2022 Action Top Gun: Maverick
70%
A TV remote from Bed Bath and Beyond 2006 Comedy Click
65%
Wolverine sings 2017 Drama/musical The Greatest Showman
60%
Peaches, Peaches, Peaches!!!!!!!! 2023 Animation The Super Mario Bros Movie
60%
A group magically robs banks 2013 Magic/Action Now You See Me
55%
Everyone's addicted to VR 2018 Action/SciFi Ready Player One
50%
This film has LAYERS! 2001 Animation Shrek
50%
You like Jazz? 2007 Animation The BEE movie
50%
Wolverine boxes... robots? 2011 Action Real Steel
35%
He always wanted a brothaaaa! 2024 Animation Mufasa
30%
Band of misfits fight a shadow. 2025 Superhero Thunderbolts
30%
This movie was remade in 2015 and 2025!! 2005 Superhero Fantastic Four
25%
A rock sings 2016 Animation Moana
20%
They made a rollercoaster themed to this in 2009 in the UK! 2004 Horror SAW
20%
A CIA agent gets Amnesia 2002 Action The Bourne Identity
20%
The world forgets a group who had a ticket to ride 2019 Comedy Yesterday
15%
No matching quizzes found
Score Distribution
Percent of People with Each Score
Percentile by Number Answered
Your Score History
You have not taken this quiz